2047 the unifier : (Record no. 577)

MARC details
000 -LEADER
fixed length control field 00623 a2200217 4500
003 - CONTROL NUMBER IDENTIFIER
control field NLI
005 - DATE AND TIME OF LATEST TRANSACTION
control field 20231106171201.0
008 - FIXED-LENGTH DATA ELEMENTS--GENERAL INFORMATION
fixed length control field 230331s2019 ii ||||| |||| 00| 0 eng d
020 ## - INTERNATIONAL STANDARD BOOK NUMBER
International Standard Book Number 9789389763652
Terms of availability Rs.150.00
Qualifying information pbk.
040 ## - CATALOGING SOURCE
Original cataloging agency NLI
Language of cataloging eng
Transcribing agency EPD
041 ## - LANGUAGE CODE
Language code of text/sound track or separate title eng
082 ## - DEWEY DECIMAL CLASSIFICATION NUMBER
Edition number 23rd
Classification number 823
Item number T 739
100 1# - MAIN ENTRY--PERSONAL NAME
Personal name Trivedi, Rashmi
9 (RLIN) 856
245 10 - TITLE STATEMENT
Title 2047 the unifier :
Remainder of title sometimes history needs to be revisited to create history /
Statement of responsibility, etc. Rashmi Trivedi
260 ## - PUBLICATION, DISTRIBUTION, ETC.
Place of publication, distribution, etc. Delhi :
Name of publisher, distributor, etc. Blue Rose Publishers,
Date of publication, distribution, etc. 2019.
300 ## - PHYSICAL DESCRIPTION
Extent 258p. ;
Dimensions 20cm.
650 ## - SUBJECT ADDED ENTRY--TOPICAL TERM
Topical term or geographic name entry element English fiction
887 ## - NON-MARC INFORMATION FIELD
Source of data Pravinbp1
887 ## - NON-MARC INFORMATION FIELD
Source of data Pravinbp2
942 ## - ADDED ENTRY ELEMENTS (KOHA)
Source of classification or shelving scheme Dewey Decimal Classification
Koha item type Books
Holdings
Withdrawn status Lost status Source of classification or shelving scheme Damaged status Not for loan Collection code Home library Current library Shelving location Date acquired Source of acquisition Cost, normal purchase price Full call number Barcode Date last seen Cost, replacement price Price effective from Koha item type
    Dewey Decimal Classification     New English National Library of India National Library of India New English - Main Stack Division 01/02/2021 128 150.00 E 823 T 739 r DBA000181217ENG 03/02/2021 150.00 03/02/2021 Books
                                                                           
web counter

Copyright ©2020 The National Library of India, Govt. of India ↔ Hosted by NVLI, MOC ↔ Technology and Design by National Library of India, Ministry of Culture, Govt. of India